Statistics for PSG squad 2019-2020

Click here to take the quiz!

General Stats

  • This quiz has been taken 377 times
    (356 since last reset)
  • The average score is 18 of 28

Answer Stats

PositionNationNumberPlayer% Correct
LWBrazil10Neymar
98%
RWFrance7Kylian Mbappe
98%
STUruguay9Edinson Cavani
96%
CBBrazil2Thiago Silva
95%
LWArgentina11Angel Di Maria
95%
CMItaly6Marco Verratti
92%
CBBrazil5Marquinhos
89%
CBFrance3Presnel Kimpembe
82%
RBBelgium12Thomas Meunier
80%
GKFrance16Alphonse Areola
79%
LBSpain14Bernat
78%
CAMGermany23Julian Draxler
76%
CBGermany4Thilo Kehrer
69%
STCameroon17Eric-Maxim Choupo-Moting
66%
CAMSpain19Pablo Sarabia
64%
CMArgentina8Leandro Paredes
63%
LBFrance20Layvin Kurzawa
62%
CoachGermany-Thomas Tuchel
62%
CMSenegal27Idrissa Gueye
60%
CMSpain21Ander Herrera
58%
GKGermany-Kevin Trapp
45%
CBFrance22Abdou Diallo
41%
GKPoland30Marcin Bulka
40%
LWSpain-Jese Rodriguez
34%
LBNetherlands25Mitchel Bakker
27%
CBFrance31Colin Dagba
27%
CMFrance24Christopher Nkunku
20%
CBFrance34Stanley N'Soki
9%

Score Distribution

Percentile by Number Answered

Percent of People with Each Score

Your Score History

You have not taken this quiz since the last reset